000 01372nam a22003615a 4500
999 _c11712
_d11712
003 EG-ScBUE
005 20201128020750.0
008 090531s2006 enka f 000 0 eng d
020 _a1405094990
020 _a9781405094993
020 _a9781405094986
020 _a1405094982
040 _aEG-ScBUE
_beng
_erda
_cEG-ScBUE
_dEG-ScBUE
082 0 4 _a428.6
_bHOL
_222
100 1 _aHolden, Susan,
_eauthor.
245 1 0 _aTravel & tourism /
_cSusan Holden.
246 3 _aTravel and tourism
264 1 _aOxford :
_bMacmillan Education,
_c2006.
300 _a24 pages :
_bcolor illustrations ;
_c28 cm.
336 _2rdacontent
_atext
_btxt
337 _2rdamedia
_aunmediated
_bn
338 _2rdacarrier
_avolume
_bnc
490 0 _aMacmillan Topics.
_aIntermediate
500 _aCommon European Framework B1.
505 0 _aConsumers.
520 _aAn interesting magazine-style format on the topic of travel and tourism which motivates students to read English. It contains engaging articles, a projects section provides ideas for extended work and a light-hearted quiz page gives opportunities for discovery and fun.
590 _amustafa galal.
650 7 _aReaders
_xTravel.
_2BUEsh
_95712
650 7 _aEnglish language
_vTextbooks for foreign speakers.
_2BUEsh
_93027
653 _cAugust2015
_bHHUUEENN
655 _vReading book
_934232
942 _2ddc
_cBB